000 00687cab a2200229 4500
001 ABS53839
008 090401t1995 xxu||||| |||| 00| 0 eng d
035 _a(Sirsi) u6845
041 _aeng
100 _aWhitmore, J.
245 _aMerges stumbles crumbles collapses acquired
260 _c1995
350 _a0
490 _aProperty Week
_v53(3) 19 October 1995, 22-23(2)
520 _aReports on the collapse of Colliers Erdman Lewis. Charts the companies` decline and fall.
650 _aCOLLIERS ERDMAN LEWIS
650 _aRECEIVERSHIP
650 _aSURVEYING FIRMS
690 _aMANAGEMENT-BUSINESS MANAGEMENT-PROFESSIONAL PRACTICE
942 _n0
948 _c04/03/1997
999 _c4070
_d4070